000 00392nam a22001571a 4500
020 _a8124005648
082 _aM2
_bMAD/V
100 _aMadhu Master
_972513
245 _aVarthamanam/
_cby Madhu Master
260 _aKozhikode:
_bMulberry,
_c1998.
300 _a80p.
650 _aDrama Malayalam
_972514
650 _aLiterature Malayalam
_972515
650 _aLiterature
_972516
942 _cBK
999 _c49184
_d49184